000 00731nam a2200289Ia 4500
005 20260324125927.0
008 008 260324s9999 xx 000 0 eng d
020 _a9780203935453
037 _aEBOOK
040 _aCRL
040 _beng
040 _cCRL
041 _2eng
041 _aeng
084 _qCRL
100 _aGlenda Crosling; Liz Thomas; Margaret Heagney
_91179860
245 0 _aImproving Student Retention in Higher Education
245 4 _bThe Role of Teaching and Learning
260 _bTaylor and Francis
260 _c2008
365 _a
365 _b255
856 _uhttp://www.taylorfrancis.com/books/9780203935453
942 _cEBOOK
999 _c1775536
_d1775536